000 01286nam a22002297a 4500
005 2011051204334.0
010 _aB-430543-545
020 _a9780141009353
_c799.00
035 _aB-430543-545
037 _bRBC /VEN
082 _a940.27
100 _aLieven,Dominic
_928254
245 _aRussia against Napoleon :
_bthe battle for Europe, 1807 to 1814 /
_cDominic Lieven
260 _aLondon :
_bPenguin,
_c2010.
300 _axvii, 617 p.
_bill. (chiefly col.), maps, ports. (some col.) ;
_c24 cm.
500 _aIncludes bibliographical references and index.
942 _2ddc
_cEN
_h940.27
_mLIE
999 _c52413
_d52413